MARC

LEADER 00000nam0a2200000 4500
001 69553
005 20231031075911.0
010 |a 5811405049 
035 |a (RuTPU)RU\TPU\book\74052 
090 |a 69553 
100 |a 20041027d2003 m y0rusy50 ca 
101 0 |a rus 
102 |a RU 
105 |a a j 001zy 
200 1 |a Экономика энергетического производства  |e учебное пособие  |f С. В. Можаева 
205 |a 3-е изд., доп. и перераб. 
210 |a СПб.  |c Лань  |d 2003 
215 |a 204 с.  |c ил. 
225 1 |a Учебники для вузов. Специальная литература 
320 |a Библиогр.: с. 194-198. 
607 |a Россия 
610 1 |a энергетика 
610 1 |a энергетическое производство 
610 1 |a электрическая энергия 
610 1 |a рынок 
610 1 |a маркетинг 
610 1 |a экономика 
610 1 |a ценообразование 
610 1 |a себестоимость 
610 1 |a тарифы 
610 1 |a рыночные отношения 
610 1 |a зарубежные страны 
610 1 |a сбыт 
610 1 |a спрос 
610 1 |a прогнозирование 
610 1 |a регулирование 
610 1 |a Государственный энергетический надзор 
610 1 |a энергосбережение 
610 1 |a оптимальные решения 
610 1 |a учебные пособия 
675 |a 620.9:658(075.8)  |v 3 
700 1 |a Можаева  |b С. В.  |g Салима Валиевна 
801 1 |a RU  |b 63413507  |c 20041027  |g PSBO 
801 2 |a RU  |b 63413507  |c 20220330  |g PSBO 
900 |a Экономика предприятия 
900 |a Экономика отрасли 
942 |c BK 
954 |a 551700 
955 |a 551700 
959 |a 96/20061120  |d 2  |e 0  |f АНЛ:2